Nardo Wick Charting Songs (Billboard Hot 100) - Statistics

General Stats
  • This quiz has been taken 107 times
    37 since last reset
  • The average score is 3 of 6
Answer Stats
Album Weeks On Peak Artist(s) Song % Correct
Who is Nardo Wick? 20 Weeks #17 Nardo Wick ft. G Herbo, Lil Durk & 21 Savage Who Want Smoke??
93%
Who is Nardo Wick? 20 Weeks #58 Nardo Wick, Lil Baby & Future Me or Sum
72%
Non-Album Single 1 Week #99 Nardo Wick ft. Lil Baby Hot Boy
48%
It's Only Me 2 Weeks #16 Lil Baby ft. Nardo Wick Pop Out
45%
Who is Nardo Wick? 11 Weeks #48 Nardo Wick Dah Dah DahDah
24%
God Did 1 Week #77 DJ Khaled ft. Nardo Wick & Kodak Black It Ain't Safe
21%
No matching quizzes found
Score Distribution
Percent of People with Each Score
Percentile by Number Answered
Your Score History
You have not taken this quiz since the last reset